000 00960cam a22002771 4500
001 gs 68000241
003 DLC
005 20260227111422.0
008 710901s1968 dcuab b 00000 eng c
010 _ags 68000241 //r85
040 _aU.S. Geol. Survey. Libr.
043 _an-us-me
050 0 _aQE75
_b.B9 no. 1264
051 _aQE661
_b.P28
_cCopy 2.
082 _a551.73/09741/1
100 1 0 _aPavlides, Louis,
_d1921-
245 1 0 _aStratigraphic and facies relationships of the Carys Mills Formation of Ordovician and Silurian age, northeast Maine.
260 0 _aWashington,
_bU.S. Govt. Print. Off.,
_c1968.
300 _aiv, 44 p.
_billus., maps (1 fold. col. in pocket)
_c24 cm.
490 1 _aGeological Survey bulletin 1264
504 _aBibliography: p. 39-40.
650 0 _aGeology, Stratigraphic
_yOrdovician.
650 0 _aGeology, Stratigraphic
_ySilurian.
650 0 _aGeology
_zMaine.
830 0 _aGeological Survey bulletin ;
_v1264.
999 _c30469
_d30469